000 00485nam a2200181Ia 4500
001 1376
005 20260306143724.0
008 260306t2008||||xx |||||||||||||| ||spa||
041 _aESP
082 _a196.1
_bV28
100 _aVanney, Claudia E.
_eAUT
245 0 _aPrincipios reales y conocimiento matemático:
_bla propuesta epistemológica de Leonardo Polo
260 _c2008
300 _a386 páginas :
_c24 cm.
650 _aGEN
654 _aCHU
942 _cLIB
_dJUS
_fJUS
_2ddc
_n
999 _c1376
_d1376